<?xml version="1.0" encoding="UTF-8"?>
<record
    xmlns:xsi="http://www.w3.org/2001/XMLSchema-instance"
    xsi:schemaLocation="http://www.loc.gov/MARC21/slim http://www.loc.gov/standards/marcxml/schema/MARC21slim.xsd"
    xmlns="http://www.loc.gov/MARC21/slim">

  <leader>01833nam a2200265 i 4500</leader>
  <controlfield tag="003">DO-SdBNP</controlfield>
  <controlfield tag="005">20260525123908.0</controlfield>
  <controlfield tag="007">ta</controlfield>
  <controlfield tag="008">260525e2025    dr ||||gr|||||||| |bspa d</controlfield>
  <datafield tag="020" ind1=" " ind2=" ">
    <subfield code="a">9789945951417.</subfield>
  </datafield>
  <datafield tag="040" ind1=" " ind2=" ">
    <subfield code="a">DO-SdBNP</subfield>
    <subfield code="b">spa</subfield>
    <subfield code="c">BNPHU</subfield>
    <subfield code="e">rda</subfield>
  </datafield>
  <datafield tag="041" ind1=" " ind2=" ">
    <subfield code="a">spa</subfield>
  </datafield>
  <datafield tag="082" ind1=" " ind2=" ">
    <subfield code="b">M538g 2025</subfield>
    <subfield code="2">22</subfield>
  </datafield>
  <datafield tag="100" ind1=" " ind2=" ">
    <subfield code="a">M&#xE9;ndez, Pachy</subfield>
    <subfield code="9">89724</subfield>
    <subfield code="e">autor</subfield>
  </datafield>
  <datafield tag="245" ind1=" " ind2=" ">
    <subfield code="a">Gu&#xED;a ''Desde el actor hacia el personaje'' /</subfield>
    <subfield code="c">Pachy M&#xE9;ndez.</subfield>
  </datafield>
  <datafield tag="264" ind1=" " ind2=" ">
    <subfield code="a">Santo Domingo, Rep&#xFA;blica Dominicana : </subfield>
    <subfield code="b">Editora Poetas De La Era, </subfield>
    <subfield code="c">2025.</subfield>
  </datafield>
  <datafield tag="300" ind1=" " ind2=" ">
    <subfield code="a">161 p&#xE1;ginas ; </subfield>
    <subfield code="c">23.5 cm.</subfield>
  </datafield>
  <datafield tag="336" ind1=" " ind2=" ">
    <subfield code="a">texto</subfield>
    <subfield code="b">txt</subfield>
    <subfield code="2">rdacontent</subfield>
  </datafield>
  <datafield tag="337" ind1=" " ind2=" ">
    <subfield code="a">sin mediaci&#xF3;n </subfield>
    <subfield code="b">n</subfield>
    <subfield code="2">rdamedia</subfield>
  </datafield>
  <datafield tag="338" ind1=" " ind2=" ">
    <subfield code="a">volumen</subfield>
    <subfield code="b">nc</subfield>
    <subfield code="2">rdacarrier</subfield>
  </datafield>
  <datafield tag="500" ind1=" " ind2=" ">
    <subfield code="a">Pachy M&#xE9;ndez es actriz dominicana con m&#xE1;s de tres d&#xE9;cadas de trayectoria esc&#xE9;nica. A lo largo de su carrera ha desarrollado herramientas pr&#xE1;cticas que nacen de la experiencia vivida en escena, con el objetivo de fortalecer el oficio actoral desde adentro. Esta gu&#xED;a es el resultado de ese recorrido y de un deseo profundo: compartir lo aprendido para acompa&#xF1;ar y empoderar a quienes eligen este camino.
</subfield>
  </datafield>
  <datafield tag="520" ind1=" " ind2=" ">
    <subfield code="a">&#xBF;C&#xF3;mo se convierte un actor en un personaje que respira, siente y transforma?
Esta gu&#xED;a no ofrece f&#xF3;rmulas m&#xE1;gicas ni atajos vac&#xED;os. Ofrece experiencia viva. Con m&#xE1;s de 30 a&#xF1;os de experiencia en el oficio, la autora comparte herramientas, errores, aciertos y verdades que todo actor&#x2014;joven o veterano&#x2014;necesita escuchar. Desde el actor hacia el personaje es una invitaci&#xF3;n sincera a mirar el arte de actuar con profundidad, entrega y honestidad. Desde la preparaci&#xF3;n del cuerpo, el casting, el trabajo de investigaci&#xF3;n hasta el marketing del actor, esta gu&#xED;a recorre cada etapa con claridad, humanidad y visi&#xF3;n pr&#xE1;ctica.</subfield>
  </datafield>
  <datafield tag="650" ind1=" " ind2="0">
    <subfield code="a">Teatro dominicano</subfield>
    <subfield code="9">80280</subfield>
    <subfield code="v">Gu&#xED;a</subfield>
  </datafield>
  <datafield tag="942" ind1=" " ind2=" ">
    <subfield code="2">ddc</subfield>
    <subfield code="c">LBS1</subfield>
  </datafield>
  <datafield tag="952" ind1=" " ind2=" ">
    <subfield code="0">0</subfield>
    <subfield code="1">0</subfield>
    <subfield code="2">ddc</subfield>
    <subfield code="5">6</subfield>
    <subfield code="7">0</subfield>
    <subfield code="8">PD</subfield>
    <subfield code="a">BNPHU</subfield>
    <subfield code="b">BNPHU</subfield>
    <subfield code="c">CT</subfield>
    <subfield code="d">2026-05-25</subfield>
    <subfield code="l">0</subfield>
    <subfield code="o">M538g 2025</subfield>
    <subfield code="p">2026-4503</subfield>
    <subfield code="r">2026-05-25</subfield>
    <subfield code="w">2026-05-25</subfield>
    <subfield code="y">LBS1</subfield>
  </datafield>
  <datafield tag="952" ind1=" " ind2=" ">
    <subfield code="0">0</subfield>
    <subfield code="1">0</subfield>
    <subfield code="2">ddc</subfield>
    <subfield code="5">6</subfield>
    <subfield code="7">0</subfield>
    <subfield code="8">PD</subfield>
    <subfield code="a">BNPHU</subfield>
    <subfield code="b">BNPHU</subfield>
    <subfield code="c">CT</subfield>
    <subfield code="d">2026-05-25</subfield>
    <subfield code="l">0</subfield>
    <subfield code="o">M538g 2025</subfield>
    <subfield code="p">2026-4504</subfield>
    <subfield code="r">2026-05-25</subfield>
    <subfield code="t">e.2</subfield>
    <subfield code="w">2026-05-25</subfield>
    <subfield code="y">LBS1</subfield>
  </datafield>
  <datafield tag="952" ind1=" " ind2=" ">
    <subfield code="0">0</subfield>
    <subfield code="1">0</subfield>
    <subfield code="2">ddc</subfield>
    <subfield code="5">6</subfield>
    <subfield code="7">0</subfield>
    <subfield code="8">PD</subfield>
    <subfield code="a">BNPHU</subfield>
    <subfield code="b">BNPHU</subfield>
    <subfield code="c">CT</subfield>
    <subfield code="d">2026-05-25</subfield>
    <subfield code="l">0</subfield>
    <subfield code="o">M538g 2025</subfield>
    <subfield code="p">2026-4505</subfield>
    <subfield code="r">2026-05-25</subfield>
    <subfield code="t">e.3</subfield>
    <subfield code="w">2026-05-25</subfield>
    <subfield code="y">LBS1</subfield>
  </datafield>
  <datafield tag="999" ind1=" " ind2=" ">
    <subfield code="c">60818</subfield>
    <subfield code="d">60818</subfield>
  </datafield>
</record>
